[Event "SRB-Cup"]
[Site "Valjevo"]
[Date "2011.05.16"]
[Round "1.1"]
[White "Stojanovic, Dusan"]
[Black "Vratonjic, Slobodan"]
[Result "0-1"]
[WhiteElo "2166"]
[BlackElo "2392"]
[PlyCount "52"]
[EventDate "2011.05.16"]
[EventType "team-swiss"]
[EventRounds "7"]
[EventCountry "YUG"]
[SourceTitle "CBM 142 Extra"]
[Source "ChessBase"]
[SourceDate "2011.06.27"]
[SourceVersion "1"]
[SourceVersionDate "2011.06.27"]
[SourceQuality "1"]
[WhiteTeam "Valjevo Krusik"]
[BlackTeam "Takovo Metalac"]
[WhiteTeamCountry "SRB"]
[BlackTeamCountry "SRB"]

1. e4 c5 2. Nf3 e6 3. d4 cxd4 4. Nxd4 Nc6 5. Nc3 Qc7 6. Ndb5 Qb8 7. Be3 a6 8. Nd4 Nf6 9. g4 h5 10. gxh5 Bb4 11. Bg2 Rxh5 12. h4 d5 13. exd5 exd5 14. Nxc6 bxc6 15. Bf3 Rf5 16. a3 Be7 17. Rb1 Qe5 18. Qe2 Rb8 19. Ba7 Rxb2 20. Qxe5 Rxb1+ 21. Nxb1 Rxe5+ 22. Kd2 c5 23. Bb8 Rf5 24. Rh3 Be6 25. Rg3 Nd7 26. Bc7 Bxh4 0-1

[Event "SRB-chT2 East"]
[Site "Serbia"]
[Date "2010.09.26"]
[Round "3"]
[White "Tosic, Branislav"]
[Black "Stojanovic, Dusan"]
[Result "1-0"]
[WhiteElo "2218"]
[BlackElo "2176"]
[PlyCount "84"]
[EventDate "2010.09.11"]
[EventType "team"]
[EventRounds "11"]
[EventCountry "SRB"]
[SourceTitle "EXT 2012"]
[Source "ChessBase"]
[SourceDate "2011.11.24"]
[SourceVersion "1"]
[SourceVersionDate "2011.11.24"]
[SourceQuality "1"]

1. d4 f5 2. Nc3 Nf6 3. Bg5 e6 4. e4 fxe4 5. Nxe4 Be7 6. Bxf6 Bxf6 7. Nf3 Nc6 8. c3 b6 9. Bd3 Bb7 10. Qe2 Qe7 11. 0-0 0-0 12. Rae1 Rae8 13. Nfd2 g6 14. f4 Qf7 15. Nxf6+ Qxf6 16. Ne4 Qg7 17. Ng5 Ne7 18. g3 Nf5 19. Qe5 Qxe5 20. fxe5 h6 21. Ne4 Bxe4 22. Rxe4 Ne7 23. Ref4 Rxf4 24. Rxf4 Rf8 25. Rxf8+ Kxf8 26. Kf2 Kf7 27. Kf3 Kg7 28. Bb5 c6 29. Bd3 Kf7 30. Be4 Ke8 31. Ke3 Kf7 32. Kd3 Ke8 33. c4 Kd8 34. a3 Kc7 35. Kc3 d6 36. exd6+ Kxd6 37. Kd3 c5 38. b4 cxd4 39. Kxd4 e5+ 40. Ke3 a5 41. c5+ bxc5 42. bxa5 g5 1-0

[Event "SRB-chT2 East"]
[Site "Golubac"]
[Date "2008.09.21"]
[Round "2.2"]
[White "Stojanovic, Jovica M"]
[Black "Stojanovic, Dusan"]
[Result "0-1"]
[WhiteElo "1934"]
[BlackElo "2169"]
[PlyCount "89"]
[EventDate "2008.09.14"]
[EventType "team"]
[EventRounds "11"]
[EventCountry "SRB"]
[SourceTitle "EXT 2012"]
[Source "ChessBase"]
[SourceDate "2011.11.24"]
[SourceVersion "1"]
[SourceVersionDate "2011.11.24"]
[SourceQuality "1"]

1. e4 e6 2. d3 d5 3. Nd2 Nf6 4. Ngf3 c5 5. g3 Nc6 6. Bg2 Be7 7. 0-0 0-0 8. Re1 dxe4 9. dxe4 b6 10. e5 Ne8 11. c3 Bb7 12. Qc2 h6 13. h4 Qc7 14. Nf1 Rd8 15. Bf4 Qc8 16. N1h2 Qa8 17. Qc1 h5 18. Bg5 Rd7 19. Bh3 Qd8 20. Qf4 Bxg5 21. hxg5 Ne7 22. Nh4 Rd2 23. Nf1 Rxb2 24. Qc1 Rb5 25. a4 Ra5 26. Rd1 Qc8 27. Ne3 c4 28. f4 g6 29. Rd4 Nd5 30. Nxc4 Rc5 31. Bf1 Ba6 32. Nd6 Nxd6 33. Bxa6 Qxa6 34. exd6 Rxc3 35. Qe1 Re3 36. Qf2 Re2 37. Qf3 Re3 38. Qf2 Qe2 39. Qxe2 Rxe2 40. Rc1 Rd8 41. Rc7 Rxd6 42. Rxa7 Rc6 43. Rd1 Rc3 44. Kf1 Rh2 45. Ng2 0-1

[Event "SRB-chT2 East"]
[Site "Serbia"]
[Date "2007.10.07"]
[Round "5.5"]
[White "Stojanovic, Dusan"]
[Black "Rapport, Jovana"]
[Result "0-1"]
[WhiteElo "2176"]
[BlackElo "2217"]
[PlyCount "92"]
[EventDate "2007.09.09"]
[EventType "team"]
[EventRounds "11"]
[EventCountry "SRB"]
[SourceTitle "EXT 2012"]
[Source "ChessBase"]
[SourceDate "2011.11.24"]
[SourceVersion "1"]
[SourceVersionDate "2011.11.24"]
[SourceQuality "1"]
[WhiteTeam "Bor"]
[BlackTeam "Jagodina MMM"]
[WhiteTeamCountry "SRB"]
[BlackTeamCountry "SRB"]

1. c4 e5 2. g3 c6 3. Bg2 d5 4. cxd5 cxd5 5. d3 Nf6 6. Nf3 Nc6 7. 0-0 h6 8. b3 Bd6 9. Ba3 0-0 10. Bxd6 Qxd6 11. Nc3 d4 12. Ne4 Nxe4 13. dxe4 Be6 14. Nh4 Qc7 15. Qd3 Rfe8 16. Rac1 a5 17. f4 exf4 18. Rxf4 Qd7 19. Nf5 Ne5 20. Qd2 Red8 21. Rc5 Ng6 22. Rf1 b6 23. Rcc1 a4 24. Qb4 axb3 25. axb3 Ra5 26. Qxb6 Rb5 27. Qa6 Rxb3 28. Rcd1 Rb4 29. Rd2 Rdb8 30. Qa1 Ra4 31. Qd1 Bxf5 32. exf5 Ne5 33. Be4 Ng4 34. Qc1 Rab4 35. Bd3 Ne3 36. Rf3 Rc8 37. Qa1 Ra4 38. Qb1 Qa7 39. Rxe3 dxe3 40. Rd1 Ra8 41. Kg2 Rb8 42. Qc2 Ra2 43. Qc6 Rd2 44. Rc1 Qa3 45. Qc7 Rf8 46. Rc3 Qa2 0-1

[Event "SRB-chT2 East"]
[Site "Serbia"]
[Date "2006.10.07"]
[Round "5.4"]
[White "Madjar, Stanislav"]
[Black "Stojanovic, Dusan"]
[Result "1-0"]
[WhiteElo "2182"]
[BlackElo "2189"]
[PlyCount "91"]
[EventDate "2006.09.09"]
[EventType "team"]
[EventRounds "11"]
[EventCountry "SRB"]
[SourceTitle "EXT 2012"]
[Source "ChessBase"]
[SourceDate "2011.11.24"]
[SourceVersion "1"]
[SourceVersionDate "2011.11.24"]
[SourceQuality "1"]

1. c4 Nf6 2. Nc3 d5 3. d4 c6 4. cxd5 cxd5 5. Bf4 e6 6. e3 Be7 7. Nf3 0-0 8. Bd3 b6 9. 0-0 Bb7 10. Rc1 a6 11. Na4 Nc6 12. Ne5 Na5 13. Qe2 b5 14. Nc5 Bxc5 15. Rxc5 Rc8 16. Rfc1 Rxc5 17. Rxc5 Ne4 18. Bxe4 dxe4 19. b4 f6 20. bxa5 fxe5 21. Bxe5 Rf7 22. Qd2 h6 23. Qc3 Kh7 24. h3 Bd5 25. a3 Qh4 26. Bg3 Qh5 27. Qc2 Qg6 28. Rc8 Qf6 29. Rb8 Rb7 30. Rxb7 Bxb7 31. Qc7 Bd5 32. Be5 Qg5 33. Qa7 b4 34. axb4 Bc4 35. Qb7 Qg6 36. Qe7 Bb5 37. h4 Kg8 38. Bd6 Qf7 39. Qd8+ Kh7 40. Qb6 Bd3 41. Qc5 Qf5 42. Be5 Qf7 43. Bg3 Qd7 44. Kh2 Bb5 45. f3 exf3 46. gxf3 1-0